Optimalizácia daňovo-transferového mechanizmu z aspektu prístupového procesu Slovenskej republiky do Európskej únie

Gespeichert in:
Bibliographische Detailangaben
1. Verfasser: Neubauerová, Erika, 1968-
Format: Buchkapitel
Sprache:Slowakisch
Tags: Tag hinzufügen
Keine Tags, Fügen Sie das erste Tag hinzu!

MARC

LEADER 00000naa$a2200000$$$4500
001 0062561
005 20240502071716.0
041 0 |a slo 
044 |a SK 
245 1 0 |a Optimalizácia daňovo-transferového mechanizmu z aspektu prístupového procesu Slovenskej republiky do Európskej únie  |c Erika Neubauerová 
100 1 |a Neubauerová, Erika, 1968-